[Event "DVM U20 2007"]
[Site "Kelheim GER"]
[Date "2007.12.28"]
[Round "3"]
[White "Anker, Christin"]
[Black "Friedrich, Jan"]
[Result "1-0"]
[Termination "normal"]
[Board "7.6"]
[WhiteElo "1750"]
[BlackElo "1507"]
[WhiteTeam "SGem Pang/Rosenheim"]
[BlackTeam "SF Hettstedt"]
[PlyCount "95"]
[WhiteFideId "1615688"]
[BlackFideId "24659452"]
[EventCountry "GER"]
[EventRounds "7"]
[EventType "team-swiss"]
[EventDate "2007.12.26"]

1. e4 e6 2. d4 d5 3. Nc3 c5 4. dxc5 d4 5. Bb5+ Nc6 6. Bxc6+ bxc6 7. Nce2 Qa5+
8. Qd2 Qxd2+ 9. Bxd2 Bxc5 10. Nf3 Nf6 11. e5 Ne4 12. Nexd4 Ba6 13. Be3 Rb8 14.
O-O-O Rb6 15. Rhe1 Bc4 16. a3 a5 17. Ng5 Nxg5 18. Bxg5 Bd5 19. c4 f6 20. exf6
gxf6 21. cxd5 fxg5 22. Rxe6+ Kf7 23. Nxc6 Rc8 24. Rd3 Kg7 25. Rg3 Bd4 26. Rxg5+
Kh8 27. Re2 Bf6 28. Rf5 Bg7 29. Rc2 Re8 30. Nxa5 Reb8 31. b4 Rd6 32. Nc4 Rd7
33. Ne3 Ra8 34. Kd2 Rdd8 35. Nc4 Ra7 36. Ke2 Bh6 37. Rc3 Re7+ 38. Ne3 Rde8 39.
Rd3 Rd7 40. Rf6 Bf8 41. Rc6 Red8 42. b5 Rb7 43. a4 Ra7 44. Rd4 Rda8 45. Rcc4
Rb7 46. d6 Rd7 47. Nf5 Rad8 48. Rc6 1-0

[Event "DVM U20 2007"]
[Site "Kelheim GER"]
[Date "2007.12.28"]
[Round "3"]
[White "Schmitt, Philipp"]
[Black "Krug, Kevin"]
[Result "0-1"]
[Termination "normal"]
[Board "8.1"]
[WhiteElo "2025"]
[BlackElo "2177"]
[WhiteTeam "SF Bad Mergentheim"]
[BlackTeam "SF Köln-Mülheim"]
[PlyCount "120"]
[WhiteFideId "24641766"]
[BlackFideId "24609110"]
[EventCountry "GER"]
[EventRounds "7"]
[EventType "team-swiss"]
[EventDate "2007.12.26"]

1. Nf3 d5 2. g3 c5 3. Bg2 Nc6 4. d4 Nf6 5. O-O cxd4 6. Nxd4 e5 7. Nxc6 bxc6 8.
c4 Rb8 9. Nc3 d4 10. Ne4 Nxe4 11. Bxe4 Qd7 12. Qa4 Rb6 13. Rd1 f5 14. Bg2 c5
15. Qxd7+ Bxd7 16. Rd3 e4 17. Ra3 a6 18. Rb3 Rxb3 19. axb3 Bc8 20. Bd2 Be7 21.
Ra5 Kf7 22. b4 cxb4 23. f3 e3 24. Be1 f4 25. Rd5 Bf6 26. Bxb4 Be6 27. Rc5 Rb8
28. Ba3 d3 29. exd3 Bd4 30. Rc7+ Kg8 31. Kf1 Bf5 32. Ke1 Bxd3 33. Bf1 Bc3+ 34.
Kd1 Bxf1 35. bxc3 Rb1+ 36. Kc2 e2 37. Rc8+ Kf7 38. Rc7+ Kg6 39. Rc6+ Kh5 40.
Be7 Bh3 41. g4+ Bxg4 42. Rc5+ Kh6 43. Bh4 e1=Q 44. Bxe1 Rxe1 45. fxg4 g6 46.
Rc7 Kg5 47. Rxh7 Kxg4 48. Rf7 Re5 49. Rf6 f3 50. Kd3 a5 51. Rxg6+ Kf4 52. Rg1
f2 53. Rf1 Kf3 54. c5 Re1 55. Rxf2+ Kxf2 56. Kc4 a4 57. Kb4 Re4+ 58. c4 a3 59.
c6 a2 60. c7 Re8 0-1

[Event "DVM U20 2007"]
[Site "Kelheim GER"]
[Date "2007.12.28"]
[Round "3"]
[White "Papaioannou, Dimitri"]
[Black "Pfleger, Jochen"]
[Result "1/2-1/2"]
[Termination "normal"]
[Board "8.2"]
[WhiteElo "1998"]
[BlackElo "1888"]
[WhiteTeam "SF Köln-Mülheim"]
[BlackTeam "SF Bad Mergentheim"]
[PlyCount "83"]
[WhiteFideId "24673170"]
[BlackFideId "24641634"]
[EventCountry "GER"]
[EventRounds "7"]
[EventType "team-swiss"]
[EventDate "2007.12.26"]

1. e4 e6 2. d4 d5 3. Nc3 Bb4 4. Nge2 dxe4 5. a3 Bxc3+ 6. Nxc3 Nc6 7. Bb5 Nge7
8. Nxe4 a6 9. Bxc6+ Nxc6 10. c3 Qd5 11. Qf3 Qf5 12. Qxf5 exf5 13. Nc5 b6 14.
Nd3 Be6 15. O-O O-O-O 16. Re1 Bc4 17. Nf4 Rhe8 18. Bd2 Na5 19. h4 Nb3 20. Rxe8
Rxe8 21. Re1 Rxe1+ 22. Bxe1 g6 23. f3 Kd7 24. Kf2 Kc6 25. Ke3 Kb5 26. Nd3 Ka4
27. Bg3 c5 28. dxc5 Nxc5 29. Nxc5+ bxc5 30. Bd6 Kb5 31. b4 cxb4 32. axb4 Kc6
33. Be5 Kd5 34. Bd4 h5 35. g3 Bb3 36. Bg7 Bd1 37. Kf4 Be2 38. Bd4 Bd1 39. Bh8
Be2 40. Ke3 Bd1 41. Bd4 Bc2 42. Kd2 1/2-1/2

[Event "DVM U20 2007"]
[Site "Kelheim GER"]
[Date "2007.12.28"]
[Round "3"]
[White "Piven, Vladimir"]
[Black "Krutwig, Longlong"]
[Result "0-1"]
[Termination "normal"]
[Board "8.3"]
[WhiteElo "1829"]
[BlackElo "2169"]
[WhiteTeam "SF Bad Mergentheim"]
[BlackTeam "SF Köln-Mülheim"]
[PlyCount "80"]
[WhiteFideId "4670272"]
[BlackFideId "24629979"]
[EventCountry "GER"]
[EventRounds "7"]
[EventType "team-swiss"]
[EventDate "2007.12.26"]

1. d4 Nf6 2. c4 e5 3. e3 exd4 4. exd4 d5 5. Nc3 Bb4 6. Bg5 O-O 7. Bd3 dxc4 8.
Bxc4 Qe8+ 9. Nge2 Ne4 10. Be3 Qc6 11. Qb3 Nd6 12. Bd5 Qb6 13. a3 Bxc3+ 14. bxc3
c6 15. Qxb6 axb6 16. Bf3 Nc4 17. Bf4 Be6 18. O-O b5 19. Ng3 Nd7 20. Ne4 Bd5 21.
Nd6 Bxf3 22. gxf3 Nxd6 23. Bxd6 Rfe8 24. Rfe1 f6 25. Kf1 Kf7 26. Rxe8 Rxe8 27.
Re1 Rxe1+ 28. Kxe1 Ke6 29. Bc7 Kd5 30. Kd2 Kc4 31. Kc2 Nf8 32. f4 Ne6 33. Bb8
g5 34. fxg5 Nxg5 35. f4 Ne4 36. f5 Nxc3 37. Be5 Nd5 38. Kd2 c5 39. Bxf6 Nxf6
40. dxc5 Kb3 0-1

[Event "DVM U20 2007"]
[Site "Kelheim GER"]
[Date "2007.12.28"]
[Round "3"]
[White "Schehl, Michael"]
[Black "Krebs, Alexander"]
[Result "1-0"]
[Termination "normal"]
[Board "8.4"]
[WhiteElo "1830"]
[BlackElo "1550"]
[WhiteTeam "SF Köln-Mülheim"]
[BlackTeam "SF Bad Mergentheim"]
[PlyCount "96"]
[BlackFideId "24670626"]
[EventCountry "GER"]
[EventRounds "7"]
[EventType "team-swiss"]
[EventDate "2007.12.26"]

1. d4 d5 2. Nf3 Nf6 3. Bf4 Nc6 4. e3 Bg4 5. Nbd2 e6 6. c3 Bd6 7. Bg3 Ne4 8. Qb3
Nxg3 9. hxg3 Qd7 10. Bd3 f5 11. c4 Bxf3 12. gxf3 Na5 13. Qc3 dxc4 14. Nxc4 Nxc4
15. Bxc4 Qe7 16. Qb3 Bb4+ 17. Ke2 O-O-O 18. Bxe6+ Kb8 19. Bxf5 Rxd4 20. Be4
Rd2+ 21. Kf1 Qc5 22. a3 Qb5+ 23. Kg2 Rxf2+ 24. Kg1 Qe2 25. f4 Re8 26. Qxb4 b6
27. Qd4 Rxe4 28. Qxe4 Rf3 29. Rh2 Rxg3+ 30. Rg2 Rxg2+ 31. Qxg2 Qxe3+ 32. Qf2
Qe4 33. Re1 Qg6+ 34. Qg2 Qf7 35. Qe4 Qb3 36. Re2 h5 37. Qg2 Qf7 38. Qg5 Qd7 39.
Qxh5 Qd4+ 40. Kg2 Qxf4 41. Qe8+ Kb7 42. Qe4+ Qxe4+ 43. Rxe4 b5 44. Kf2 a5 45.
Ke2 Kb6 46. b4 axb4 47. axb4 Kc6 48. Rd4 Kb6 1-0

[Event "DVM U20 2007"]
[Site "Kelheim GER"]
[Date "2007.12.28"]
[Round "3"]
[White "Foß, David"]
[Black "Butschek, Tanja"]
[Result "0-1"]
[Termination "normal"]
[Board "8.5"]
[WhiteElo "1489"]
[BlackElo "2043"]
[WhiteTeam "SF Bad Mergentheim"]
[BlackTeam "SF Köln-Mülheim"]
[PlyCount "132"]
[BlackFideId "24604640"]
[EventCountry "GER"]
[EventRounds "7"]
[EventType "team-swiss"]
[EventDate "2007.12.26"]

1. e4 c5 2. Nf3 e6 3. d4 cxd4 4. Nxd4 Nf6 5. Nc3 Nc6 6. Be3 Bb4 7. Be2 Nxe4 8.
Nxc6 bxc6 9. Qd4 Nxc3 10. bxc3 Be7 11. O-O Bf6 12. Qc4 O-O 13. Rab1 Qc7 14.
Rfd1 d5 15. Qb4 e5 16. h3 Bf5 17. Bd3 e4 18. Be2 Rfb8 19. Qc5 Be5 20. Rb3 Bh2+
21. Kh1 Bd6 22. Qd4 Qd7 23. g4 Be6 24. f3 f5 25. Rg1 c5 26. Qd1 Rf8 27. Bb5 Qe7
28. g5 d4 29. cxd4 Bxb3 30. axb3 f4 31. dxc5 Bxc5 32. Qd5+ Qf7 33. Qxf7+ Rxf7
34. Bxc5 Rf5 35. Bc4+ Kh8 36. Bd4 e3 37. Bd3 Ra5 38. Ra1 Rxg5 39. Rg1 Rxg1+ 40.
Kxg1 a5 41. h4 a4 42. bxa4 Rxa4 43. Be5 Kg8 44. Kg2 Kf7 45. Kh3 h5 46. Kg2 g6
47. Kf1 Ke6 48. Bc7 Kf6 49. Ke2 Rd4 50. Kd1 g5 51. hxg5+ Kxg5 52. Be5 Rd5 53.
Bc3 Kh4 54. Be1+ Kh3 55. Ke2 Kg2 56. Bh4 Ra5 57. Bf6 Kg3 58. Bc3 Ra7 59. Kf1
Rc7 60. Be1+ Kh2 61. Bg6 Rc5 62. Bh4 Kh3 63. Be1 Rg5 64. Bf7 Rg2 65. Be6+ Kh2
66. Bf5 e2# 0-1

[Event "DVM U20 2007"]
[Site "Kelheim GER"]
[Date "2007.12.28"]
[Round "4"]
[White "Strache, Michael"]
[Black "Billing, Christian"]
[Result "1-0"]
[Termination "normal"]
[Board "1.1"]
[WhiteElo "2144"]
[BlackElo "2150"]
[WhiteTeam "SV Sangerhausen"]
[BlackTeam "SC Dillingen"]
[PlyCount "101"]
[WhiteFideId "4693183"]
[BlackFideId "4697294"]
[EventCountry "GER"]
[EventRounds "7"]
[EventType "team-swiss"]
[EventDate "2007.12.26"]

1. Nf3 Nf6 2. c4 e6 3. e3 d5 4. b3 Be7 5. Bb2 O-O 6. Be2 b6 7. O-O Bb7 8. Qc2
Nbd7 9. d3 c5 10. Nbd2 Qc7 11. Rac1 Rac8 12. Qb1 Qb8 13. Qa1 Bd6 14. cxd5 exd5
15. d4 Rfe8 16. Rfd1 Re6 17. Nf1 Bf8 18. Ng5 Ree8 19. Nh3 cxd4 20. Bxd4 Ba3 21.
Rxc8 Rxc8 22. Nf4 Bd6 23. g3 Be5 24. Bf3 Bxf4 25. exf4 Qd6 26. Ne3 Rd8 27. Qb2
Qf8 28. Nf5 Rc8 29. Be5 Nxe5 30. fxe5 Ne4 31. Ne3 Qc5 32. Qd4 Nc3 33. Rd2 Qxd4
34. Rxd4 Nxa2 35. Ra4 Nc1 36. Rxa7 Ba8 37. Nxd5 Bxd5 38. Bxd5 Rf8 39. Rb7 Ne2+
40. Kg2 Nc3 41. Bc4 b5 42. Bxb5 Nxb5 43. Rxb5 Re8 44. g4 g5 45. h4 h6 46. hxg5
hxg5 47. Kf3 Kg7 48. b4 Re6 49. Ke4 Kg6 50. Rd5 f6 51. b5 1-0

[Event "DVM U20 2007"]
[Site "Kelheim GER"]
[Date "2007.12.28"]
[Round "4"]
[White "Nuber, Korbinian"]
[Black "Hillmann, Michael"]
[Result "1-0"]
[Termination "normal"]
[Board "1.2"]
[WhiteElo "2133"]
[BlackElo "2088"]
[WhiteTeam "SC Dillingen"]
[BlackTeam "SV Sangerhausen"]
[PlyCount "143"]
[WhiteFideId "24607231"]
[BlackFideId "24609889"]
[EventCountry "GER"]
[EventRounds "7"]
[EventType "team-swiss"]
[EventDate "2007.12.26"]

1. e4 d5 2. Nc3 dxe4 3. Nxe4 Nd7 4. Nf3 Ngf6 5. Ng3 e6 6. d4 c5 7. Be2 Qc7 8.
O-O b6 9. Re1 Be7 10. b3 O-O 11. Bb2 Bb7 12. c4 Rfd8 13. Qc2 cxd4 14. Nxd4 Nc5
15. Rad1 Nce4 16. Nb5 Qc8 17. Rxd8+ Qxd8 18. Bf3 Nc5 19. Rd1 Qc8 20. Qe2 a6 21.
Nd4 Qc7 22. Bxb7 Qxb7 23. Nf3 Rd8 24. Rxd8+ Bxd8 25. Qd2 Qd7 26. Bd4 Nce4 27.
Nxe4 Nxe4 28. Qf4 Nd6 29. Ne5 Qc7 30. Qd2 f6 31. Nf3 Nf5 32. Bc3 Be7 33. g4 Nd6
34. Qe3 Kf7 35. Qf4 Kg8 36. g5 Ne8 37. Qe3 Qd6 38. gxf6 gxf6 39. Kg2 Ng7 40.
Qd4 Kf7 41. Ng5+ Kg6 42. Qxd6 Bxd6 43. Ne4 Be7 44. Bd4 Bd8 45. f3 Nf5 46. Bf2
Kf7 47. a4 Ke7 48. c5 bxc5 49. Nxc5 a5 50. Nb7 Bc7 51. Be1 Nd4 52. Bxa5 Bxa5
53. Nxa5 Kd6 54. b4 Nc2 55. b5 Kc5 56. Kf2 Nb4 57. Nb3+ Kc4 58. Nd2+ Kc5 59.
Ne4+ Kb6 60. Nxf6 Nd3+ 61. Ke3 Nc5 62. Nxh7 Nxa4 63. Nf8 Nc5 64. h4 Nb7 65.
Nxe6 Kxb5 66. h5 Nd6 67. Kf4 Kc6 68. Ng5 Nc8 69. h6 Ne7 70. h7 Ng6+ 71. Kf5 Nh8
72. Kf6 1-0

[Event "DVM U20 2007"]
[Site "Kelheim GER"]
[Date "2007.12.28"]
[Round "4"]
[White "Lieder, Konrad"]
[Black "Nuber, Blasius"]
[Result "1-0"]
[Termination "normal"]
[Board "1.3"]
[WhiteElo "2123"]
[BlackElo "2055"]
[WhiteTeam "SV Sangerhausen"]
[BlackTeam "SC Dillingen"]
[PlyCount "101"]
[WhiteFideId "4692721"]
[BlackFideId "24620289"]
[EventCountry "GER"]
[EventRounds "7"]
[EventType "team-swiss"]
[EventDate "2007.12.26"]

1. d4 d5 2. g3 Nf6 3. Bg2 e6 4. Nf3 c5 5. c3 Nc6 6. O-O Be7 7. Nbd2 O-O 8. b3
b6 9. Bb2 cxd4 10. cxd4 a5 11. Ne5 Bb7 12. a3 Rc8 13. h3 Na7 14. Rc1 Nb5 15.
Nb1 Ne4 16. Qd3 Rxc1 17. Rxc1 Qe8 18. Qc2 Bd6 19. a4 Nc7 20. Bxe4 dxe4 21. Nc4
Bb4 22. Ba3 Bxa3 23. Nbxa3 Nd5 24. Qxe4 Nc3 25. Qc2 Qc6 26. f3 Nd5 27. Nb5 Ba6
28. Ncd6 Qd7 29. e4 Nb4 30. Qc7 Bxb5 31. Nxb5 Qxc7 32. Rxc7 g6 33. Kf2 Rb8 34.
f4 h5 35. Ke2 Rd8 36. Kd2 Rb8 37. Nd6 f5 38. Re7 Nc6 39. Rxe6 Nxd4 40. Rxg6+
Kh7 41. exf5 Nxf5 42. Rf6 Nxg3 43. Ke3 Kg7 44. Re6 Rf8 45. Nc4 h4 46. Rxb6 Nh5
47. Rb7+ Kh6 48. Ne5 Rxf4 49. Ng4+ Kg6 50. Rb6+ Kg7 51. Rb5 1-0

[Event "DVM U20 2007"]
[Site "Kelheim GER"]
[Date "2007.12.28"]
[Round "4"]
[White "Richter, Dustin"]
[Black "Giss, Arthur"]
[Result "0-1"]
[Termination "normal"]
[Board "1.5"]
[WhiteElo "1886"]
[BlackElo "1974"]
[WhiteTeam "SV Sangerhausen"]
[BlackTeam "SC Dillingen"]
[PlyCount "80"]
[WhiteFideId "4649001"]
[BlackFideId "24667560"]
[EventCountry "GER"]
[EventRounds "7"]
[EventType "team-swiss"]
[EventDate "2007.12.26"]

1. e4 c5 2. Nf3 d6 3. d4 cxd4 4. Nxd4 a6 5. Nc3 e6 6. Be3 Nf6 7. a4 Qc7 8. Be2
Nbd7 9. f4 b6 10. Nb3 Bb7 11. Bf3 Be7 12. O-O O-O 13. g4 Nc5 14. Nd2 Rfd8 15.
g5 Ne8 16. Ne2 d5 17. e5 g6 18. Nd4 Ng7 19. Bg4 Rac8 20. h4 Nf5 21. Bxf5 exf5
22. N2f3 Ne4 23. Kg2 Bc5 24. c3 Re8 25. h5 Qd7 26. Qe1 Bxd4 27. Nxd4 Nc5 28.
Qd1 Ne6 29. Qb3 Rb8 30. Kg3 Bc6 31. Rfd1 Nc5 32. Qa2 Bxa4 33. Re1 Bb5 34. Nxb5
Qxb5 35. Kf3 Qd3 36. Rad1 Qe4+ 37. Kg3 Nd3 38. Re2 Nxf4 39. Bxf4 Qxe2 40. Qxd5
Qg4+ 0-1

[Event "DVM U20 2007"]
[Site "Kelheim GER"]
[Date "2007.12.28"]
[Round "4"]
[White "Schwarz, Andreas"]
[Black "Wölfer, Jan"]
[Result "1-0"]
[Termination "normal"]
[Board "1.6"]
[WhiteElo "1922"]
[BlackElo "1803"]
[WhiteTeam "SC Dillingen"]
[BlackTeam "SV Sangerhausen"]
[PlyCount "77"]
[WhiteFideId "24631795"]
[BlackFideId "24659398"]
[EventCountry "GER"]
[EventRounds "7"]
[EventType "team-swiss"]
[EventDate "2007.12.26"]

1. e4 c5 2. Nf3 d6 3. d4 cxd4 4. Nxd4 Nf6 5. Nc3 a6 6. Be2 e5 7. Nb3 Be6 8. Be3
Nbd7 9. Qd2 Be7 10. f3 b5 11. a3 Nb6 12. Na5 Rc8 13. Rd1 Nc4 14. Nxc4 bxc4 15.
Nd5 Nxd5 16. exd5 Bf5 17. Qb4 Bxc2 18. Rc1 Bd3 19. Bxd3 cxd3 20. Qa4+ Kf8 21.
Qxa6 Rxc1+ 22. Bxc1 Qc7 23. O-O Bd8 24. Be3 d2 25. Qc6 Ke7 26. Bxd2 Qb6+ 27.
Kh1 Qxc6 28. dxc6 Bb6 29. Rc1 Rc8 30. b4 Ke6 31. a4 Kd5 32. a5 Ba7 33. c7 f5
34. b5 Bc5 35. b6 Kc6 36. Bb4 Kb7 37. Bxc5 dxc5 38. Rxc5 Re8 39. a6+ 1-0

[Event "DVM U20 2007"]
[Site "Kelheim GER"]
[Date "2007.12.28"]
[Round "4"]
[White "Huschenbeth, Niclas"]
[Black "Werthebach, Felix"]
[Result "1-0"]
[Termination "normal"]
[Board "2.1"]
[WhiteElo "2318"]
[BlackElo "2164"]
[WhiteTeam "Hamburger SK"]
[BlackTeam "SG Bochum"]
[PlyCount "75"]
[WhiteFideId "24604747"]
[BlackFideId "24609684"]
[EventCountry "GER"]
[EventRounds "7"]
[EventType "team-swiss"]
[EventDate "2007.12.26"]

1. e4 c5 2. Nf3 e6 3. d4 cxd4 4. Nxd4 Nf6 5. Nc3 d6 6. g4 h6 7. h3 a6 8. Be3
Nc6 9. Bg2 Nxd4 10. Qxd4 e5 11. Qd2 Be6 12. O-O-O Qc7 13. f4 Rc8 14. f5 Bc4 15.
Na4 Nd7 16. b3 Bb5 17. Nb2 d5 18. exd5 Bb4 19. Qf2 Bc3 20. d6 Qa5 21. Kb1 O-O
22. Rc1 Qa3 23. Nd1 Bc6 24. g5 hxg5 25. Rg1 Bxg2 26. Qxg2 Qxd6 27. Qxg5 Qf6 28.
Qh5 Bd4 29. Rg3 Rc6 30. Bxd4 exd4 31. Nf2 Qh6 32. Qg4 Nf6 33. Qxd4 Rfc8 34. c3
Ne8 35. Ne4 Nf6 36. Rcg1 Nh5 37. Rg5 Rf6 38. Rxh5 1-0

[Event "DVM U20 2007"]
[Site "Kelheim GER"]
[Date "2007.12.28"]
[Round "4"]
[White "Pilat, Daniel"]
[Black "Bracker, Frank"]
[Result "0-1"]
[Termination "normal"]
[Board "2.2"]
[WhiteElo "2120"]
[BlackElo "2214"]
[WhiteTeam "SG Bochum"]
[BlackTeam "Hamburger SK"]
[PlyCount "76"]
[WhiteFideId "24602116"]
[BlackFideId "24614343"]
[EventCountry "GER"]
[EventRounds "7"]
[EventType "team-swiss"]
[EventDate "2007.12.26"]

1. e4 c5 2. Nc3 a6 3. a4 Nc6 4. Bc4 g6 5. f4 Bg7 6. d3 e6 7. Nf3 Nge7 8. Bb3 d5
9. e5 O-O 10. O-O Rb8 11. d4 Nf5 12. Ne2 Na5 13. Ba2 cxd4 14. Nexd4 Nxd4 15.
Nxd4 Bd7 16. b4 Nc6 17. c3 Nxd4 18. cxd4 Qb6 19. Bb3 f6 20. a5 Qc7 21. Re1 Qc3
22. Ba3 fxe5 23. Rc1 Qxd4+ 24. Qxd4 exd4 25. Rc7 Rf7 26. Rxd7 Rxd7 27. Rxe6 Rc8
28. Ba4 Rf7 29. Rd6 Rxf4 30. Rxd5 Kh8 31. h3 Rff8 32. Rd7 Rb8 33. Bb2 Rfd8 34.
Rf7 b6 35. axb6 Rxb6 36. Ba3 d3 37. Rf1 d2 38. Rd1 Rd3 0-1

[Event "DVM U20 2007"]
[Site "Kelheim GER"]
[Date "2007.12.28"]
[Round "4"]
[White "Möller, Hendrik"]
[Black "Mazarov, Jürgen"]
[Result "0-1"]
[Termination "normal"]
[Board "2.3"]
[WhiteElo "2180"]
[BlackElo "2094"]
[WhiteTeam "Hamburger SK"]
[BlackTeam "SG Bochum"]
[PlyCount "80"]
[WhiteFideId "24604917"]
[BlackFideId "24617768"]
[EventCountry "GER"]
[EventRounds "7"]
[EventType "team-swiss"]
[EventDate "2007.12.26"]

1. e4 c5 2. Nf3 e6 3. d4 cxd4 4. Nxd4 a6 5. f4 d6 6. Bd3 Nf6 7. Qf3 Be7 8. Be3
Qc7 9. O-O Nbd7 10. a4 b6 11. Nc3 Bb7 12. Rae1 Nc5 13. Bd2 O-O 14. Qh3 Nxd3 15.
cxd3 Rfe8 16. Kh1 Bf8 17. Be3 Rad8 18. Nf3 Bc6 19. Rc1 Qb7 20. Bd4 Nd7 21. Qh5
Nc5 22. Rcd1 Nxa4 23. Ne2 a5 24. Ng3 Nc5 25. Qg4 e5 26. Bc3 f6 27. Nh4 Kh8 28.
f5 d5 29. Nh5 Qf7 30. Rf3 dxe4 31. Rh3 Rxd3 32. Ng3 Rxd1+ 33. Qxd1 Nd3 34. Be1
Kg8 35. Ne2 Nxe1 36. Qxe1 Rd8 37. Nc3 Bb4 38. Re3 Bxc3 39. Rxc3 Qh5 40. Rc1 Ba4
0-1

[Event "DVM U20 2007"]
[Site "Kelheim GER"]
[Date "2007.12.28"]
[Round "4"]
[White "Hobusch, Alexander"]
[Black "Bracker, Arne"]
[Result "1/2-1/2"]
[Termination "normal"]
[Board "2.4"]
[WhiteElo "2011"]
[BlackElo "2136"]
[WhiteTeam "SG Bochum"]
[BlackTeam "Hamburger SK"]
[PlyCount "76"]
[WhiteFideId "24611387"]
[BlackFideId "24618160"]
[EventCountry "GER"]
[EventRounds "7"]
[EventType "team-swiss"]
[EventDate "2007.12.26"]

1. d4 Nf6 2. Nf3 g6 3. c4 Bg7 4. Nc3 O-O 5. e4 d6 6. Be2 e5 7. Be3 Ng4 8. Bg5
f6 9. Bc1 exd4 10. Nxd4 f5 11. Bxg4 fxg4 12. Be3 Nc6 13. Nxc6 bxc6 14. O-O Rb8
15. Bxa7 Rxb2 16. Bd4 Bxd4 17. Qxd4 Qf6 18. Qxf6 Rxf6 19. Nd1 Re2 20. Ne3 Rf4
21. Rab1 Rxa2 22. Rb8 Rf8 23. f3 gxf3 24. Rxf3 Re8 25. Ng4 Kg7 26. Nf6 Rh8 27.
Rf4 Ra5 28. g4 h6 29. h4 Re5 30. Ra8 Re7 31. g5 hxg5 32. hxg5 Rf7 33. Rf2 Re7
34. Rg2 Re5 35. Ra7 Re7 36. Ra8 Re5 37. Ra7 Re7 38. Ra8 Re5 1/2-1/2

[Event "DVM U20 2007"]
[Site "Kelheim GER"]
[Date "2007.12.28"]
[Round "4"]
[White "Orhan, Zilan"]
[Black "Wiese, Phil"]
[Result "1/2-1/2"]
[Termination "normal"]
[Board "2.6"]
[WhiteElo "1955"]
[BlackElo "1957"]
[WhiteTeam "SG Bochum"]
[BlackTeam "Hamburger SK"]
[PlyCount "47"]
[WhiteFideId "24624640"]
[BlackFideId "24634050"]
[EventCountry "GER"]
[EventRounds "7"]
[EventType "team-swiss"]
[EventDate "2007.12.26"]

1. d4 d5 2. Nf3 Nc6 3. Bf4 Bg4 4. Nbd2 Nf6 5. e3 e6 6. Be2 Bd6 7. Bg3 Rc8 8.
O-O O-O 9. c4 dxc4 10. Nxc4 Bxg3 11. hxg3 b5 12. Nce5 Nxe5 13. Nxe5 Bxe2 14.
Qxe2 c5 15. Qxb5 cxd4 16. Rfd1 Rb8 17. Qe2 Qc7 18. exd4 Rfc8 19. Nf3 Qb6 20.
Rdc1 Rd8 21. Rab1 h6 22. b4 Nd5 23. a3 Rbc8 24. Qd2 1/2-1/2

[Event "DVM U20 2007"]
[Site "Kelheim GER"]
[Date "2007.12.28"]
[Round "4"]
[White "Fuhrmann, Max"]
[Black "Aulich, Marcell"]
[Result "1/2-1/2"]
[Termination "normal"]
[Board "3.1"]
[WhiteElo "2049"]
[BlackElo "1996"]
[WhiteTeam "SK Kelheim"]
[BlackTeam "SF Brackel"]
[PlyCount "84"]
[WhiteFideId "24620114"]
[BlackFideId "24631981"]
[EventCountry "GER"]
[EventRounds "7"]
[EventType "team-swiss"]
[EventDate "2007.12.26"]

1. e4 c5 2. Nf3 Nc6 3. d4 cxd4 4. Nxd4 Nf6 5. Nc3 e5 6. Ndb5 d6 7. Bg5 a6 8.
Na3 b5 9. Nd5 Be7 10. Bxf6 Bxf6 11. c3 O-O 12. Nc2 Bg5 13. a4 bxa4 14. Rxa4 a5
15. Bc4 Rb8 16. b3 Kh8 17. Nce3 g6 18. O-O Bxe3 19. Nxe3 Be6 20. Qd3 Qc7 21.
Rd1 Rfd8 22. Ra3 Ne7 23. Qc2 Qc5 24. Rda1 Nc6 25. Qd2 Bxc4 26. Nxc4 a4 27. Rxa4
Rxb3 28. Rd1 Kg7 29. h3 Qb5 30. Qa2 Rxc3 31. Nxd6 Qb3 32. Qxb3 Rxb3 33. Rd2 Nd4
34. Nc4 f6 35. f3 Rc3 36. Kf2 h5 37. Ne3 Rd7 38. Ra6 Rc1 39. Nd5 Rf7 40. Rda2
Rc2+ 41. Rxc2 Nxc2 42. Rc6 Nd4 1/2-1/2

[Event "DVM U20 2007"]
[Site "Kelheim GER"]
[Date "2007.12.28"]
[Round "4"]
[White "Zemella, Christian"]
[Black "Eibl, Maximilian"]
[Result "1-0"]
[Termination "normal"]
[Board "3.2"]
[WhiteElo "2092"]
[BlackElo "1998"]
[WhiteTeam "SF Brackel"]
[BlackTeam "SK Kelheim"]
[PlyCount "69"]
[WhiteFideId "24620580"]
[BlackFideId "24620092"]
[EventCountry "GER"]
[EventRounds "7"]
[EventType "team-swiss"]
[EventDate "2007.12.26"]

1. e4 c5 2. Nf3 d6 3. d4 cxd4 4. Nxd4 Nf6 5. Nc3 a6 6. f3 e6 7. Be3 b5 8. Qd2
Nbd7 9. g4 Nb6 10. O-O-O Bb7 11. Qf2 Nfd7 12. Nb3 b4 13. Nb1 Be7 14. Na5 Qc7
15. Nxb7 Qxb7 16. h4 a5 17. f4 a4 18. a3 O-O 19. axb4 d5 20. f5 Bxb4 21. Bd4 a3
22. bxa3 Bxa3+ 23. Nxa3 Rxa3 24. Bb2 Ra2 25. Qd4 e5 26. Qb4 Qa7 27. Rh3 Ra4 28.
Qd6 Rxe4 29. Bg2 Nc4 30. Qxd5 Nf6 31. Qb5 Rxg4 32. Bd5 Nxd5 33. Qxd5 Ne3 34.
Qd7 Nxd1 35. Qxa7 1-0

[Event "DVM U20 2007"]
[Site "Kelheim GER"]
[Date "2007.12.28"]
[Round "4"]
[White "Grafl, Pascal"]
[Black "Strathoff, Martin"]
[Result "1-0"]
[Termination "normal"]
[Board "3.3"]
[WhiteElo "1937"]
[BlackElo "2026"]
[WhiteTeam "SK Kelheim"]
[BlackTeam "SF Brackel"]
[PlyCount "135"]
[WhiteFideId "24634727"]
[BlackFideId "24609560"]
[EventCountry "GER"]
[EventRounds "7"]
[EventType "team-swiss"]
[EventDate "2007.12.26"]

1. e4 c5 2. c3 Nf6 3. e5 Nd5 4. d4 cxd4 5. cxd4 e6 6. Nf3 Nc6 7. Nc3 Bb4 8. Bd2
Bxc3 9. bxc3 d6 10. exd6 Qxd6 11. Bd3 O-O 12. O-O Nf6 13. Re1 b6 14. Ne5 Nxe5
15. Rxe5 Bb7 16. Qe1 Ng4 17. Rh5 g6 18. Rh3 Qd5 19. f3 f5 20. Qe2 Nf6 21. Bc4
Qd6 22. Qxe6+ Qxe6 23. Bxe6+ Kh8 24. c4 Bc8 25. Re1 Bxe6 26. Rxe6 Rac8 27. Bb4
Rf7 28. Bd6 Rxc4 29. Be5 Kg7 30. g4 g5 31. gxf5 Rc1+ 32. Kf2 Rc2+ 33. Ke3 Rxa2
34. d5 Ra5 35. Kd4 Rxd5+ 36. Kc4 Rc5+ 37. Kb3 Rc8 38. Rg3 h6 39. f4 Rg8 40.
fxg5 hxg5 41. Rxf6 Rxf6 42. Rxg5+ Kh6 43. Rxg8 Rxf5 44. Bb8 a6 45. Bc7 Kh5 46.
Re8 Kh4 47. Re4+ Kh3 48. Rb4 Rf6 49. Bg3 b5 50. Rh4+ Kg2 51. Kb4 Rf1 52. Rh6
Ra1 53. Rc6 Rb1+ 54. Ka3 a5 55. Ka2 Rb4 56. Rc3 a4 57. h4 Re4 58. h5 b4 59. Rd3
Re2+ 60. Kb1 Re6 61. Bf4 Re1+ 62. Kb2 Rh1 63. h6 Rh4 64. Rd4 a3+ 65. Ka2 Kf3
66. Rxb4 Rh1 67. Bd2 Rh2 68. Rd4 1-0

[Event "DVM U20 2007"]
[Site "Kelheim GER"]
[Date "2007.12.28"]
[Round "4"]
[White "Luft, Dennis"]
[Black "Bräutigam, Markus"]
[Result "1-0"]
[Termination "normal"]
[Board "3.4"]
[WhiteElo "1943"]
[BlackElo "1651"]
[WhiteTeam "SF Brackel"]
[BlackTeam "SK Kelheim"]
[PlyCount "111"]
[WhiteFideId "24623717"]
[BlackFideId "24620076"]
[EventCountry "GER"]
[EventRounds "7"]
[EventType "team-swiss"]
[EventDate "2007.12.26"]

1. e4 c5 2. Nf3 Nc6 3. d4 cxd4 4. Nxd4 Nf6 5. Nc3 e5 6. Ndb5 d6 7. Bg5 a6 8.
Na3 b5 9. Nd5 Be7 10. Bxf6 Bxf6 11. c3 O-O 12. Nc2 Bg5 13. Bd3 Bb7 14. h4 Bh6
15. g4 f6 16. Rg1 Ne7 17. Qf3 Nxd5 18. exd5 Bc8 19. Nb4 Kh8 20. Nc6 Qe8 21. Kd1
g6 22. Bc2 f5 23. g5 Bg7 24. h5 gxh5 25. Rh1 e4 26. Qxh5 Qxh5+ 27. Rxh5 Kg8 28.
Kd2 Rf7 29. Rah1 Be5 30. Nxe5 dxe5 31. d6 Be6 32. g6 Rg7 33. Rxh7 Rxh7 34.
gxh7+ Kg7 35. Bb3 Bxb3 36. axb3 Rd8 37. Ke2 Rh8 38. c4 bxc4 39. bxc4 Kf7 40. c5
Ke6 41. Kd2 Kd7 42. Kc3 a5 43. Kc4 Kc6 44. b4 axb4 45. Kxb4 f4 46. Kc4 e3 47.
fxe3 f3 48. Kd3 e4+ 49. Kxe4 f2 50. Rf1 Rxh7 51. Rxf2 Kxc5 52. Ke5 Rh5+ 53. Rf5
Rxf5+ 54. Kxf5 Kxd6 55. e4 Kd7 56. Kf6 1-0